| 000 | 01664nam1a22002891i 4500 | ||
|---|---|---|---|
| 001 | rc\3713811 | ||
| 005 | 20260407151153.0 | ||
| 035 | _a(NLR Aleph) 007859017 | ||
| 090 |
_a7796220 _c7796220 |
||
| 100 | _a20130115g19731974|||y0rusy50 ca | ||
| 101 | 0 | _arus | |
| 102 | _aRU | ||
| 105 | _ay ac ||||| | ||
| 200 | 1 |
_aПроизводство глинозема _eБиблиогр. указ. (1960-1970 гг.) _eТ. 1-2 _fМ-во цв. металлургии СССР. Центр. науч.-исслед. ин-т информации и техн.-экон. исследований цв. металлургии. Всесоюз. науч.-исслед. и проектный ин-т алюминиевой, магниевой и электродной пром-сти "ВАМИ" |
|
| 210 |
_aМосква _cБ. и. _d1973-1974 |
||
| 215 |
_a2 т. _d21 |
||
| 300 | _aСост. указаны на обороте тит. л.: Д.М. Скородок, А.А. Аграновский, Б.И. Арлюк, кандидаты техн. наук | ||
| 606 |
_aГлиноземное производство _jУказатели литературы _2psbo |
||
| 700 | 1 |
_aСкородок _bД.М. _4220 |
|
| 701 | 1 |
_4220 _aАрлюк _bБ. И. _f1937- _gБорис Ильич _9144031 _3RU\NLR\AUTH\770144067 |
|
| 701 | 1 |
_aАграновский _bА.А. _4220 |
|
| 712 | 0 | 2 |
_aЦНИИ информации и технико-экономических исследований цветной металлургии _cМосква _3RU\NLR\AUTH\8810026380 _9550967 |
| 801 | 0 |
_aRU _bNLR _gpsbo |
|
| 801 | 1 |
_aRU _bELAR _2rusmarc |
|
| 852 |
_aNLR _jС337-410/С44 |
||
| 942 | _cBOOK | ||